| 000 | 01426pam a2200349 i 4500 | ||
|---|---|---|---|
| 999 |
_c28670 _d28641 |
||
| 001 | 016802121 | ||
| 003 | EG-ScBUE | ||
| 005 | 20200907093956.0 | ||
| 008 | 140710s2014 enka f d 001 0 eng d | ||
| 020 | _a9781781579909 (paperback) | ||
| 040 |
_aStDuBDS _beng _erda _cStDuBDS _dUk _dEG-ScBUE |
||
| 082 | 0 | 4 |
_a770.11 _bMIC _222 |
| 245 | 0 | 0 |
_aMichael Freeman's photo school fundamentals / _ceditor-in-chief: Michael Freeman. |
| 246 | 3 | 0 | _aPhoto school fundamentals |
| 246 | 1 | 4 |
_aMichael Freeman's photo school fundamentals : _bexposure, light & lighting, composition, digital editing |
| 264 | 1 |
_aLewes, East Sussex : _bIlex, _c2014. |
|
| 300 |
_a352 pages : _billustrations (black and white, and colour) ; _c24 cm |
||
| 336 |
_atext _2rdacontent _btxt |
||
| 336 |
_astill image _2rdacontent _btxt |
||
| 337 |
_aunmediated _2rdamedia _bn |
||
| 338 |
_avolume _2rdacarrier _bnc |
||
| 500 | _a"Designed by expert professional Michael Freeman, this complete course will let you take exceptional photos and develop a deeper understanding of what makes a great photo work.--Back cover. | ||
| 500 | _aIncludes index. | ||
| 500 | _aIncludes glossary. | ||
| 500 |
_aFormerly CIP. _5Uk |
||
| 650 | 7 |
_aPhotography _vAmateurs' manuals. _2BUEsh |
|
| 653 |
_bGGEN _cAugust2020 |
||
| 655 |
_vReading book _934232 |
||
| 700 | 1 |
_aFreeman, Michael, _d1945- _eeditor. |
|
| 942 |
_2ddc _cBB |
||